LEADER 00751nam0-22003011i-450- 001 990003292780403321 005 20001010 035 $a000329278 035 $aFED01000329278 035 $a(Aleph)000329278FED01 035 $a000329278 100 $a20000920d1922----km-y0itay50------ba 101 0 $aita 105 $ay-------001yy 200 1 $a<>ARCIPELAGO TOSCANO 210 $aGenova$cVico Mele$d1922 215 $app. 130 610 0 $aPesca e allevamento 676 $a047.009 700 1$aMancini ,renzo$0130909 801 0$aIT$bUNINA$gRICA$2UNIMARC 901 $aBK 912 $a990003292780403321 952 $a047.009.MAN$b5561$fDECGE 959 $aDECGE 996 $aARCIPELAGO TOSCANO$9446286 997 $aUNINA DB $aING01 LEADER 01811nam 2200445 450 001 996499856103316 005 20231110213630.0 010 $a9783319611679$b(electronic bk.) 010 $z9783319611662 035 $a(MiAaPQ)EBC7141570 035 $a(Au-PeEL)EBL7141570 035 $a(CKB)25360915500041 035 $a(OCoLC)1351204464 035 $a(PPN)266351050 035 $a(EXLCZ)9925360915500041 100 $a20230330d2022 uy 0 101 0 $aeng 135 $aurcnu|||||||| 181 $ctxt$2rdacontent 182 $cc$2rdamedia 183 $acr$2rdacarrier 200 14$aThe algorithmic dimension $efive artists in conversation /$fFrancesca Franco 210 1$aCham, Switzerland :$cSpringer,$d[2022] 210 4$d©2022 215 $a1 online resource (185 pages) 225 1 $aSpringer Series on Cultural Computing 311 08$aPrint version: Franco, Francesca The Algorithmic Dimension Cham : Springer International Publishing AG,c2022 9783319611662 320 $aIncludes bibliographical references and index. 327 $aIntro -- Acknowledgements -- Contents -- 1 Introduction -- 1.1 Background -- 1.2 Algorithmic Signs -- References -- 2 Interview with Ernest Edmonds -- References -- 3 Interview with Manfred Mohr -- Further Reading -- 4 Interview with Vera Molnar -- Further Reading -- 5 Interview with Frieder Nake -- References -- 6 Interview with Roman Verostko -- Further Reading -- 7 Visual Documentation. 410 0$aSpringer Series on Cultural Computing 606 $aComputer art 615 0$aComputer art. 676 $a929.605 700 $aFranco$b Francesca$01264869 801 0$bMiAaPQ 801 1$bMiAaPQ 801 2$bMiAaPQ 912 $a996499856103316 996 $aThe Algorithmic Dimension$92965735 997 $aUNISA